Bavaria Top 20 Cities by population - Statistics

General Stats
  • This quiz has been taken 65 times
    59 since last reset
  • The average score is 15 of 20
Answer Stats
Population City % Correct
114,071 Fürth
100%
123,925 Ingolstadt
100%
1,326,807 Munich
100%
503,638 Nürnberg
100%
263,313 Augsburg
97%
104,980 Erlangen
94%
133,525 Regensburg
94%
69,989 Bamberg
89%
50,717 Passau
89%
133,501 Würzburg
89%
72,935 Bayreuth
78%
68,747 Aschaffenburg
72%
47,275 Hof
69%
62,606 Landshut
67%
60,711 Rosenheim
67%
62,135 Kempten
61%
53,866 Neu-Ulm
58%
53,588 Schweinfurt
53%
45,654 Freising
33%
44,496 Straubing
33%
No matching quizzes found
Score Distribution
Percent of People with Each Score
Percentile by Number Answered
Your Score History
You have not taken this quiz since the last reset